000 00708nam a2200205 a 4500
001 000034769
005 20200930073906.0
008 111019s1989 cu 000 0 spa d
040 _aDO-SdBNP
_bspa
_cBNPHU
082 _a853.8
_bS968c
100 1 _aSvevo, Italo
_d1861-1928
_960256
240 1 0 _aLa coscienza di Zeno
_lEspañol
245 1 3 _aLa conciencia de Zeno /
_cItalo Svevo ; edición Marietta Suárez Recio.
260 _aLa Habana :
_bArte y literatura,
_c1989.
300 _a503 p. ;
_c20 cm.
590 _aPerteneció a la biblioteca personal de Juan Isidro Jimenes Grullón.
650 4 _aNovela italiana
_94322
650 4 _aLiteratura italiana
_93329
700 1 2 _aSuárez Recio, Marietta
_960257
999 _c34260
_d34260